Management kvality a benchmarking
Zdokonaľovanie kvality produktov a služieb. Benchmarking. Definovanie rozdielov výkonnosti v rámci benchmarkingu.
Enregistré dans:
| Auteur principal: | |
|---|---|
| Format: | Chapitre de livre |
| Langue: | slovaque |
| Sujets: | |
| Tags: |
Pas de tags, Soyez le premier à ajouter un tag!
|
MARC
| LEADER | 00000naa$a2200000$$$4500 | ||
|---|---|---|---|
| 001 | 0002444 | ||
| 005 | 20230921121631.3 | ||
| 041 | 0 | |a slo | |
| 044 | |a CZ | ||
| 245 | 1 | 0 | |a Management kvality a benchmarking |c aut. Dušan Baran |
| 520 | |a Zdokonaľovanie kvality produktov a služieb. Benchmarking. Definovanie rozdielov výkonnosti v rámci benchmarkingu. | ||
| 610 | 2 | 0 | |a produkty |
| 610 | 2 | 0 | |a služby |
| 610 | 2 | 0 | |a kvalita |
| 610 | 2 | 0 | |a benchmarking |
| 100 | 1 | |a Baran, Dušan | |